000 00269nam a2200097 a 4500
005 20201002050010.0
008 150216s2011 000 spa d
245 3 _aLo Mejor de mi Alma Latina :.
260 _aSanto Domingo, República Dominicana,
_c2011.
999 _c44733
_d44733
040 _aDO-SdBNP